Ensayos de sociología jurídica (Registro nro. 19556)
[ vista simple ]
| 000 -Cabecera | |
|---|---|
| Campo de control interno | 00431nam a2200181Ia 4500 |
| 005 - Fecha y hora del registro | |
| control field | 20260306172702.0 |
| 008 - Elementos de Longitud Fija | |
| fixed length control field | 260306t2004||||xx |||||||||||||| ||spa|| |
| 041 ## - Idioma | |
| Codigo Idioma | ESP |
| 082 ## - DEWEY y NOTACIÓN INTERNA | |
| Dewey | 340.4 |
| Notación Interna | I82 |
| 100 ## - AUTOR | |
| Autor denominación | Ismodes Cairo, Anibal |
| Término de relación | autor |
| 245 #0 - TÍTULO DE MATERIAL BIBLIOGRÁFICO | |
| Título | Ensayos de sociología jurídica |
| 260 ## - CIUDAD, EDITORIAL, AÑO | |
| Año | 2004 |
| 300 ## - DESCRIPCIÓN | |
| N° Páginas | 254 páginas : |
| Dimensiones | 21 cm. |
| 650 ## - TEMAS | |
| Temas | Generalidades |
| 654 ## - PROGRAMAS | |
| Programa | Dpto. de Derecho y Ciencia Política |
| 942 ## - ELEMENTOS DE KOHA | |
| Tipo de documento | Libro |
| Nombre del creador | Justo Noguera |
| Código de catalogador | Justo Noguera |
| Esquema de clasificación | Dewey Decimal Classification |
| Suppress in OPAC | |
| Codigo completo | Registro | Colección | Copia número | Disponibilidad | Tipo de préstamo | Biblioteca Actual | Procedencia (Biblioteca) | Ubicacón | Fecha Ingreso | Tipo de Adquisición | Date last seen | Total checkouts | Price effective from | Tipo de Item | Estado del Material | Fuente de Clasificación | Damaged status | Withdrawn status |
|---|---|---|---|---|---|---|---|---|---|---|---|---|---|---|---|---|---|---|
| 340.4 I82 | 1006795 | Colección Ismodes | 1 | Disponible | Disponible | Víctor Andrés Belaunde | Víctor Andrés Belaunde | Primer piso | 03/06/2026 | Donación | 06/03/2026 | 06/03/2026 | Libro | Bueno | Dewey Decimal Classification |




